| 000 -LEADER |
| fixed length control field |
00696cam a2200193 i 4500 |
| 003 - CONTROL NUMBER IDENTIFIER |
| control field |
OSt |
| 005 - DATE AND TIME OF LATEST TRANSACTION |
| control field |
20260316130634.0 |
| 008 - FIXED-LENGTH DATA ELEMENTS--GENERAL INFORMATION |
| fixed length control field |
160929s2017 enkab b 001 0 eng |
| 020 ## - INTERNATIONAL STANDARD BOOK NUMBER |
| International Standard Book Number |
9781138020931 |
| Qualifying information |
pbk. : alk. paper |
| 042 ## - AUTHENTICATION CODE |
| Authentication code |
pcc |
| 050 00 - LIBRARY OF CONGRESS CALL NUMBER |
| Classification number |
SB469.4 |
| Item number |
.R47 2017 |
| 082 00 - DEWEY DECIMAL CLASSIFICATION NUMBER |
| Classification number |
712.072 |
| Edition number |
23 |
| 245 00 - TITLE STATEMENT |
| Title |
Research in landscape architecture : |
| Remainder of title |
methods and methodology / |
| Statement of responsibility, etc |
edited by Adri van den Brink, Diedrich Bruns, Hilde Tobi and Simon Bell. |
| 300 ## - PHYSICAL DESCRIPTION |
| Extent |
xiii, 315 pages : |
| Other physical details |
illustrations, maps ; |
| Dimensions |
25 cm |
| 504 ## - BIBLIOGRAPHY, ETC. NOTE |
| Bibliography, etc |
Includes bibliographical references and index. |
| 650 #0 - SUBJECT ADDED ENTRY--TOPICAL TERM |
| Topical term or geographic name as entry element |
Landscape architecture |
| General subdivision |
Research |
| -- |
Methodology. |
| 700 1# - ADDED ENTRY--PERSONAL NAME |
| Personal name |
Brink, Adri van den, |
| Relator term |
editor. |
| 942 ## - ADDED ENTRY ELEMENTS (KOHA) |
| Source of classification or shelving scheme |
|